| 000 | 00335 a2200133 4500 | ||
|---|---|---|---|
| 001 | 89800 | ||
| 082 | _aPR 872 | ||
| 090 |
_c42257 _d42257 |
||
| 100 | _aMohammad | ||
| 245 | _aControl system design of a guide missile | ||
| 260 |
_aKarachi _bNED University _c1984 |
||
| 300 |
_ax, 216p. _eBakhtiar A Malik |
||
| 500 | _aBE Project Reports | ||
| 942 |
_aCAE NUST _kPR 872 |
||
| 999 |
_c324873 _d324873 |
||